Hamburger SV players since 2000 - Statistics

General Stats
  • This quiz has been taken 59 times
  • The average score is 105 of 278
Answer Stats
Ranking Player Positions Nationality Matches Goals Assists Periods % Correct
9 Rafael van der Vaart AM 152 45 39 2005-2007, 2012-2015
92%
25 René Adler GK 117 0 2 2012-2017
92%
14 Daniel Heuer Fernandes GK 141 0 0 2019-2025
89%
34 Ivica Olic ST 103 31 12 2006-2008, 2014-2016
86%
37 Mladen Petric ST 99 38 13 2008-2012
86%
2 Bakery Jatta RW 196 25 24 2016-2025
83%
61 Heung-min Son LW 73 20 3 2010-2013
83%
133 Vincent Kompany CB 29 1 1 2006-2009
83%
102 Cléber Reis CB 40 2 0 2014-2017
81%
6 Dennis Diekmeier RB 173 0 12 2010-2018
81%
29 Gotoku Sakai RB 114 1 4 2015-2019
81%
8 Marcell Jansen LB 152 20 16 2008-2015
81%
10 Frank Rost GK 149 0 3 2006-2011
78%
55 Jaroslav Drobný GK 76 0 2 2010-2016
78%
103 Mario Vuskovic CB 40 3 2 2021-2023
78%
28 Robert Glatzel ST 115 73 18 2021-2025
78%
13 Aaron Hunt AM 144 25 17 2015-2021
75%
122 Davie Selke ST 31 22 0 2024-2025
75%
7 Heiko Westermann CB 159 9 6 2010-2015
75%
43 Jean-Luc Dompé LW 87 15 32 2022-2025
75%
20 Lewis Holtby CM 127 14 17 2014-2019
75%
27 Ludovit Reis CM 116 19 13 2021-2025
75%
31 Miro Muheim LB 112 9 27 2021-2025
75%
24 Pierre-Michel Lasogga ST 123 39 6 2013-2016, 2018-2019
75%
60 Bobby Wood ST 74 8 3 2016-2017, 2019-2021
72%
1 David Jarolím CM 257 14 34 2003-2012
72%
16 Dennis Aogo LB 133 2 14 2008-2014
72%
83 Eljero Elia LW 52 7 10 2009-2012
72%
119 Hakan Çalhanoğlu DM 32 11 4 2013-2014
72%
15 Paolo Guerrero ST 134 37 17 2006-2012
72%
4 Piotr Trochowski AM 180 20 32 2004-2011
69%
42 Rick van Drongelen CB 88 2 3 2017-2021
69%
110 Ruud van Nistelrooy ST 36 12 2 2009-2011
69%
5 Sergej Barbarez CF 174 66 42 2000-2006
69%
117 Simon Terodde ST 33 24 5 2020-2021
69%
78 Albin Ekdal DM 54 1 2 2015-2018
67%
49 Douglas Santos LB 80 2 8 2016-2019
67%
71 Filip Kostić LM 61 9 5 2016-2018
67%
73 László Bénes CM 60 19 20 2022-2024
67%
77 Marcus Berg ST 54 5 2 2009-2010, 2011-2013
67%
41 Ransford Königsdörffer ST 93 24 8 2022-2025
67%
35 Sebastian Schonlau CB 102 5 4 2021-2025
67%
58 Artjoms Rudnevs ST 74 15 8 2012-2016
64%
112 Fiete Arp ST 35 3 1 2017-2019
64%
19 Guy Demel RB 131 2 8 2005-2011
64%
21 Jonas Meffert DM 126 3 10 2021-2025
64%
11 Joris Mathijsen CB 148 6 2 2006-2011
64%
94 Julian Pollersbeck GK 47 0 0 2017-2020
64%
46 Nicolai Müller AM 83 16 15 2014-2018
64%
23 Sonny Kittel AM 126 34 38 2019-2023
64%
113 Tatsuya Ito LW 34 0 3 2017-2019
64%
51 Tim Leibold LB 78 5 21 2019-2023
64%
108 William Mikelbrencis RB 37 0 2 2022-2025
64%
72 Daniel Van Buyten CB 61 7 2 2004-2006
61%
144 David Bates CB 25 1 0 2018-2019
61%
40 Johan Djourou CB 94 2 2 2013-2017
61%
59 Jonathan Pitroipa RW 74 6 10 2008-2011
61%
64 Nigel de Jong DM 66 2 6 2005-2009
61%
121 Sven Ulreich GK 32 0 0 2020-2021
61%
32 Tomás Rincón DM 106 0 1 2008-2014
61%
235 Tom Mickel GK 5 0 0 2015-2016, 2018-2019
61%
138 Walace DM 27 2 2 2016-2018
61%
50 Gojko Kacar DM 79 7 2 2010-2012, 2014-2016
58%
56 Jérôme Boateng CB 75 0 6 2007-2010
58%
96 Kyriakos Papadopoulos CB 47 3 1 2016-2020
58%
178 Marcelo Díaz DM 17 0 0 2014-2016
58%
146 Noah Katterbach LB 25 1 3 2022-2025
58%
79 Zé Roberto LM 54 7 16 2009-2011
58%
92 Anssi Suhonen CM 48 2 5 2021-2025
56%
156 Eric-Maxim Choupo-Moting ST 23 2 0 2007-2008, 2010-2011
56%
153 Gui Ramos CB 23 1 0 2023-2025
56%
95 Immanuel Pherai AM 47 3 8 2023-2025
56%
190 Joel Pohjanpalo ST 14 9 0 2019-2020
56%
182 Jonathan Tah CB 16 0 1 2013-2014
56%
118 Lukas Hinterseer ST 33 9 3 2019-2021
56%
114 Lukasz Poreba CM 34 3 3 2023-2025
56%
152 Martin Harnik RW 23 3 2 2019-2020
56%
3 Mehdi Mahdavikia RW 182 22 44 2000-2007
56%
75 Michael Gregoritsch ST 55 10 5 2015-2017
56%
89 Michael Mancienne CB 49 0 0 2011-2014
56%
30 Moritz Heyer DM 112 13 9 2020-2025
56%
162 Emir Sahiti RW 22 3 2 2024-2025
53%
107 Emir Spahic CB 37 0 1 2015-2017
53%
54 Khaled Narey RW 77 11 8 2018-2021
53%
167 Mohamed Zidan CF 21 2 2 2007-2008
53%
188 Otto Stange ST 14 2 0 2024-2025
53%
97 Stephan Ambrosius CB 46 0 0 2017-2018, 2019-2020, 2023-2024
53%
128 Adam Karabec AM 31 3 7 2024-2025
50%
127 Daniel Elfadli CB 31 3 4 2024-2025
50%
163 Gökhan Töre RW 22 0 6 2011-2012
50%
44 Ivo Ilicevic LW 84 10 4 2011-2016
50%
104 Jeffrey Bruma CB 40 3 2 2011-2013
50%
81 Jonas David CB 53 1 0 2018-2023
50%
38 Naohiro Takahara ST 97 13 6 2002-2006
50%
171 Silvan Hefti RB 19 1 1 2024-2025
50%
147 Amadou Onana DM 25 2 0 2020-2021
47%
154 André Hahn RW 23 3 0 2017-2018
47%
106 Christian Mathenia GK 38 0 0 2016-2018
47%
76 Jeremy Dudziak LB 55 5 10 2019-2021
47%
141 Per Ciljan Skjelbred CM 26 0 0 2011-2013
47%
101 Slobodan Rajković CB 42 2 0 2011-2015
47%
12 Collin Benjamin DM 146 13 5 2001-2004, 2006-2008, 2010-2011
44%
63 Manuel Wintzheimer ST 67 8 15 2018-2022
44%
175 Matheo Raab GK 18 0 0 2022-2025
44%
126 Mergim Mavraj CB 31 0 0 2016-2018
44%
129 Sven Schipplock ST 30 0 4 2015-2016, 2017-2018
44%
269 Ahmet Arslan AM 1 0 0 2015-2016
42%
105 András Németh ST 39 2 0 2022-2024
42%
52 David Kinsombi CB 78 11 10 2019-2022
42%
164 Fabio Baldé LW 22 1 4 2024-2025
42%
17 Gideon Jung CB 133 2 4 2015-2021
42%
168 Jacopo Sala CM 21 1 0 2011-2013
42%
87 Jan Gyamerah RB 50 0 2 2019-2022
42%
149 Juan Pablo Sorín LB 24 4 4 2006-2008
42%
84 Khalid Boulahrouz CB 52 1 1 2004-2006
42%
166 Levin Öztunali LW 21 0 0 2023-2025
42%
130 Orel Mangala DM 29 0 2 2018-2019
42%
68 Robert Tesche CM 63 4 3 2009-2014
42%
45 Thimothée Atouba LB 83 1 3 2005-2009
42%
47 Tolgay Arslan AM 83 2 6 2009-2010, 2011-2015
42%
139 Tunay Torun RW 27 2 4 2008-2011
42%
161 Valon Behrami CM 22 0 0 2014-2015
42%
193 Aílton ST 13 3 0 2005-2006
39%
158 David Rozehnal CB 23 1 0 2009-2010
39%
157 Ignace Van der Brempt RB 23 0 4 2023-2024
39%
132 Änis Ben-Hatira RW 29 3 2 2006-2008, 2010-2012
36%
120 Hans Jörg Butt GK 32 3 0 2000-2001
36%
169 Hee-chan Hwang ST 20 2 2 2018-2019
36%
67 Josha Vagnoman RB 64 5 4 2017-2022
36%
187 Klaus Gjasula DM 15 0 0 2020-2021
36%
143 Mikkel Kaufmann ST 26 2 0 2021-2022
36%
70 Milan Badelj DM 62 2 6 2012-2015
36%
22 Raphael Wicky DM 126 4 5 2001-2007
36%
177 Romeo Castelen RW 17 1 1 2007-2008, 2009-2010, 2011-2012
36%
230 Tommy Doyle CM 6 1 0 2021-2022
36%
174 Toni Leistner CB 19 1 1 2020-2021
36%
125 Adrian Fein CM 31 1 3 2019-2020
33%
227 Alen Halilovic AM 6 0 0 2016-2017
33%
53 Bernardo Romeo ST 77 35 4 2001-2005
33%
218 Elijah Krahn DM 8 0 1 2021-2024
33%
109 Emile Mpenza ST 36 5 7 2004-2006
33%
155 Faride Alidou LW 23 2 7 2021-2022
33%
246 Kerem Demirbay CM 3 0 1 2013-2014
33%
229 Lucas Perrin CB 6 0 0 2024-2025
33%
136 Marco Richter AM 27 1 2 2024-2025
33%
223 Marko Johansson GK 7 0 0 2021-2022
33%
197 Matti Steinmann DM 12 0 0 2014-2015, 2017-2019
33%
212 Sejad Salihovic CM 10 1 1 2017-2018
33%
66 Stefan Wächter GK 64 0 0 2003-2007
33%
18 Bastian Reinhardt CB 132 9 2 2003-2010
31%
93 Benjamin Lauth ST 47 10 3 2004-2007
31%
184 Berkay Özcan CM 15 1 3 2018-2019
31%
88 Dennis Hadzikadunic CB 49 2 0 2023-2025
31%
135 Jacques Zoua ST 27 2 3 2013-2014
31%
48 Matthias Ostrzolek DM 81 1 4 2014-2017
31%
145 Niko Kovac DM 25 4 3 2000-2001
31%
191 Robin Meißner ST 14 3 2 2020-2022
31%
242 Sidney Sam RW 4 0 0 2007-2008
31%
140 Zoltán Stieber AM 27 3 3 2014-2016
31%
244 Adedire Mebude RW 4 0 0 2024-2025
28%
239 Alexander Meier CF 4 0 0 2003-2004
28%
256 Alexander Røssing-Lelesiit LW 2 0 0 2024-2025
28%
172 Anthony Yeboah ST 19 2 2 2000-2002
28%
124 Boubacar Sanogo ST 31 4 3 2006-2007
28%
232 Ewerton CB 5 0 0 2019-2020
28%
226 Josip Drmic ST 6 1 0 2015-2016
28%
196 Louis Schaub RM 12 0 1 2019-2020
28%
151 Sascha Kirschstein GK 23 0 0 2005-2007
28%
231 Thiago Neves AM 6 0 2 2008-2009
28%
262 Valon Zumberi CB 2 0 0 2022-2023
28%
203 Ashton Götz RW 11 0 1 2014-2015, 2016-2017
25%
209 Giorgi Chakvetadze AM 10 1 0 2021-2022
25%
180 Jairo Samperio RW 16 1 0 2018-2020
25%
111 Luca Waldschmidt ST 35 2 3 2016-2018
25%
36 Martin Pieckenhagen GK 100 0 1 2001-2005
25%
82 Petr Jiracek CM 53 2 3 2012-2015
25%
148 Timo Letschert CB 24 2 0 2019-2020
25%
33 Tomas Ujfalusi CB 105 2 2 2000-2004
25%
208 Vyacheslav Hleb CF 10 0 0 2003-2005
25%
176 Alex Silva CB 17 0 1 2008-2009
22%
233 Julian Green CM 5 0 0 2014-2015
22%
98 Maximilian Beister RW 46 8 7 2009-2010, 2012-2015
22%
200 Michael Gravgaard CB 12 0 0 2008-2009
22%
255 Muhamed Besic DM 3 0 0 2010-2011
22%
236 Nicolas Oliveira LB 5 0 0 2023-2025
22%
216 Ola John LW 8 0 0 2013-2014
22%
266 Omar Megeed AM 2 0 0 2022-2024
22%
240 Paul Scharner DM 4 0 0 2012-2013
22%
90 Rodolfo Cardoso AM 48 6 6 2000-2004
22%
258 Wolfgang Hesl GK 2 0 0 2007-2008, 2009-2010
22%
267 Andreas Hirzel GK 1 0 0 2015-2016
19%
100 Christian Rahn LB 45 8 11 2002-2005
19%
173 Christoph Moritz CM 19 0 2 2018-2020
19%
183 Danijel Ljuboja ST 16 5 0 2006-2007
19%
243 Javi Montero CB 4 0 1 2022-2023
19%
252 Mathias Schober GK 3 0 0 2000-2001
19%
165 Miso Brecko RB 21 0 0 2004-2005, 2007-2008
19%
213 Ronny Marcos LB 9 0 0 2014-2015
19%
91 Stig Tøfting DM 48 2 5 2000-2002
19%
268 Tolcay Cigerci AM 1 0 0 2014-2015
19%
264 Tom Sanne ST 2 1 0 2022-2023
19%
170 Zhi Gin Lam AM 20 1 1 2011-2014
19%
205 Albert Streit RW 10 0 0 2008-2009
17%
74 Erik Meijer ST 58 11 14 2000-2003
17%
271 Finn Porath AM 1 0 0 2016-2017
17%
278 Joel Agyekum CB 1 0 0 2024-2025
17%
204 Jordan Beyer CB 11 0 0 2019-2020
17%
69 Marcel Maltritz CB 63 2 2 2001-2004
17%
249 Mats Köhlert LB 3 0 0 2018-2019
17%
186 Mickaël Tavares DM 15 0 1 2008-2010
17%
250 Moritz-Broni Kwarteng CM 3 0 1 2020-2021
17%
225 Nabil Bahoui ST 7 0 0 2015-2017
17%
26 Nico-Jan Hoogma CB 116 9 3 2000-2004
17%
237 Otto Addo AM 4 0 0 2007-2008
17%
62 Stefan Beinlich AM 68 5 16 2003-2006
17%
245 Sven Neuhaus GK 3 0 0 2011-2012
17%
115 Vasilije Janjicic CM 33 0 0 2016-2019
17%
248 Volker Schmidt RB 3 0 0 2006-2007
17%
210 Xavier Amaechi RW 10 0 1 2019-2020, 2022-2023
17%
137 Alexander Laas LM 27 1 3 2004-2007
14%
214 Andreas Fischer DM 9 0 0 2000-2001
14%
270 Batuhan Altıntaş ST 1 0 0 2015-2016
14%
215 Benny Feilhaber CM 9 0 0 2006-2007
14%
277 Bent Andresen LB 1 0 0 2022-2023
14%
194 Filip Bilbija LW 13 1 0 2022-2023
14%
134 Jörg Albertz LM 28 6 4 2001-2003
14%
80 Marek Heinz ST 53 5 7 2000-2003
14%
199 Mohamed Gouaida MF 12 0 0 2014-2015, 2017-2018
14%
86 René Klingbeil CB 51 0 2 2004-2007
14%
142 Stephan Kling LB 26 0 4 2002-2005
14%
241 Aaron Opoku LW 4 0 0 2020-2021, 2022-2023
11%
116 Andrej Panadic CB 33 0 0 2000-2002
11%
39 Bernd Hollerbach LB 94 0 8 2000-2004
11%
198 Besart Berisha ST 12 1 0 2006-2007
11%
195 Kim Christensen ST 12 1 0 2001-2003
11%
160 Lars Jacobsen RB 22 1 0 2002-2004
11%
179 Léo Lacroix CB 16 1 1 2018-2019
11%
259 Marcel Ndjeng RM 2 0 0 2008-2009
11%
217 Masaya Okugawa LW 8 0 0 2023-2024
11%
238 Mattia Maggio ST 4 0 0 2013-2014
11%
65 Milan Fukal CB 66 8 5 2000-2004
11%
224 Ogechika Heil AM 7 0 0 2020-2021, 2022-2023
11%
85 Roy Präger ST 51 9 5 2000-2002
11%
263 Sören Bertram RW 2 0 0 2009-2010
11%
220 Thomas Doll AM 7 0 1 2000-2001
11%
265 Tom Starke GK 2 0 0 2003-2004
11%
274 Vahid Hashemian ST 1 0 0 2000-2001
11%
260 Benjamin Kruse CB 2 0 0 2000-2001
8%
99 Björn Schlicke CB 46 2 2 2003-2005
8%
276 Charles Takyi AM 1 0 0 2005-2006
8%
272 Eren Şen ST 1 0 0 2003-2004
8%
253 Harald Spörl RM 3 0 0 2000-2001
8%
57 Ingo Hertzsch CB 75 1 4 2000-2003
8%
275 Jean Carlos LB 1 0 0 2004-2005
8%
202 Jochen Kientz CB 12 1 0 2000-2001
8%
211 Lasse Sobiech CB 10 1 0 2013-2014
8%
131 Marcel Ketelaer LM 29 3 5 2000-2002
8%
234 Markus Karl DM 5 0 0 2005-2007
8%
192 Maximilian Rohr CB 14 0 1 2021-2023
8%
189 Mustafa Kucukovic ST 14 1 0 2004-2006
8%
247 Ouasim Bouy DM 3 0 0 2013-2014
8%
219 Reto Ziegler CB 8 0 0 2005-2006
8%
150 Roda Antar DM 23 2 1 2001-2003
8%
251 Ronald Maul LB 3 0 0 2000-2001
8%
273 Törles Knöll ST 1 0 0 2017-2018
8%
261 Vadis Odjidja-Ofoe CM 2 0 0 2007-2008
8%
257 Valmir Nafiu RW 2 0 0 2014-2015
8%
159 Almami Moreira AM 22 3 3 2004-2005
6%
254 Anton Putilo AM 3 0 0 2007-2008
6%
181 Cristian Ledesma CM 16 0 2 2002-2003
6%
228 Jan Sandmann RB 6 0 0 2000-2002
6%
207 Mahmut Yilmaz ST 10 0 0 2000-2001
6%
185 Marinus Bester ST 15 2 2 2000-2002
6%
201 Mario Fillinger LM 12 0 0 2005-2008
6%
123 Martin Groth RM 31 1 5 2000-2003
6%
222 Mathias Abel CB 7 0 1 2006-2007
6%
206 Michael Baur CB 10 0 0 2002-2003
6%
221 Richard Kitzbichler RM 7 0 0 2002-2003
6%
No matching quizzes found
Score Distribution
Percent of People with Each Score
Percentile by Number Answered
Your Score History
You have not taken this quiz